• 首页
  • 本馆介绍
  • 公告通知
  • 最新文献
  • 馆藏检索
  • 电子资源
  • 读者导购
  • 参考咨询
  • 我的图书馆
  • 登录
  • 详细信息显示
  • 放入我的书架
  • 预约/预借图书
  • 作者相关作品
  • 分类相关作品
  • 丛书相关作品
  • 出版社相关作品

书目信息

  • 表格格式
  • 工作单格式
  • 卡片格式
题名:
美国工商年鉴
    
 
作者: ;美国亚系出版公司 , 上海市出版工作者协会 编
分册:  
出版信息: 上海   学林出版社  1985
页数: 480页
开本: 26cm
丛书名:
单 册:
中图分类: F471.2-61
科图分类:
主题词: 工业经济--美国--年鉴
电子资源:
ISBN:
000 00782nam0 2200241 45
001 0185001662
005 20050428151512.7
010    @b精装@dCNY14.00
091    @a4259.018
100    @a19930924d1985 emky0chiy0121 ea
101 0  @achi
102    @aCN@b310000
105    @acf igz 000yy
200 10 @a美国工商年鉴@Amei guo gong shang nian jian@f美国亚系出版公司,上海市出版工作者协会编@FMei Guo Ya Xi Chu Ban Gong Si,Shang Hai Shi Chu Ban Gong Zuo Zhe Xie Hui Bian
210    @a上海@c学林出版社@d1985
215    @a480页@c彩图@d26cm
606 0  @a工业经济@y美国@x年鉴
690    @aF471.2-61@v3
711 12 @a美国亚系出版公司@4编
711 02 @a上海市出版工作者协会@4编
801  0 @aCN@b深圳图书馆@c20050427
801  2 @aCN@bNLC@c20050427
905    @f2@b162473-474@dF471.2-61@e11
    
    美国工商年鉴/美国亚系出版公司,上海市出版工作者协会编.-上海:学林出版社,1985
    480页:彩图;26cm
    
    
    ISBN (精装):CNY14.00
    
●
相关链接 在E读中查询图书 在五车中查询图书 在当当中查询图书 在豆瓣中查询图书


正题名:美国工商年鉴     索取号:F471.2-61/11         预约/预借

序号 登录号 条形码 馆藏地/架位号 状态 备注
1 0162473   001577154   第一样本阅览室/ [索取号:F471.2-61/11] 在馆    
2 0162474   001577145   工具书阅览室/ [索取号:F471.2-61/11] 在馆    
唐山师范学院图书馆 欢迎您!
大连网信软件有限公司© 版权所有